000 01324cam a2200337 a 4500
001 EDZ0000063821
003 StDuBDS
005 20161031105118.0
006 m||||||||d||||||||
007 cr |||||||||||
008 120326s1997 enk fo| 001|0|eng|d
020 _a9781446221785 (ebook) :
_cNo price
040 _aStDuBDS
_beng
_cStDuBDS
_epn
049 _aAlfaisal Main Library
050 0 _aBF201.3
_b.E39 1997
082 0 4 _a153
_223
100 1 _aEdwards, Derek.
245 1 0 _aDiscourse and cognition
_h[electronic resource] /
_cDerek Edwards.
260 _aLondon :
_bSAGE,
_c1997.
300 _a1 online resource (vii, 356 p.)
504 _aIncludes bibliographical references and index.
520 8 _aIn a reappraisal of some of the deepest debates in psychology this book details how the dominant cognitive approach to the subject of language fails, and makes a compelling case for understanding it as a kind of activity, as discourse.
521 _aSpecialized.
588 _aDescription based on print version record.
650 0 _aDiscursive psychology.
655 7 _aElectronic books.
_2local
710 2 _aSage eBooks
776 0 8 _iPrint version :
_z9780803976979
856 4 0 _uhttp://ezproxy.alfaisal.edu/login?url=http://sk.sagepub.com/books/discourse-and-cognition
942 _2lcc
_cEBOOKS
999 _c479533
_d479533